Normal view MARC view
  • México

Entry Nombre Geográfico

Number of records used in: 35

001 - NÚMERO DE CONTROL

  • campo de control: 15544

003 - IDENTIFICADOR DE NUMERO DE CONTROL

  • campo de control: UPN

005 - FECHA Y HORA DE LA ÜLTIMA TRANSACCIÓN

  • campo de control: 20230519124142.0

008 - DATOS DE LONGITUD FIJA

  • campo de control de longitud fija: 230519n||acnnnbabn | ana |d

035 ## - NÚMERO DE CONTROL

  • Número de control: UPN10000015552

040 ## - FUENTE DE CATALOGACIÓN

  • Agencia de catalogación original: UPN
  • Lenguaje de catalogación: spa
  • Agencia de transcripción: UPN

151 ## - ENCABEZAMIENTO - NOMBRE GEOGRÁFICO

  • Nombre geográfico: México
  • Subdivisión general : Historia
  • Subdivisión cronológica : Conquista, 1519-1540

670 ## - FUENTE EN LA QUE SE LOCALIZARON DATOS

  • Cita de la fuente: R

902 ## - CATALOGADOR

  • Catalogador: MMA/260199